Công trình thu nước trạm bơm cấp thoát nước
Sách gồm 2 phần: Công trình thu nước và trạm bơm, trình bày những kiến thức cơ bản về các loại nguồn nước và các loại công trình thu nước tương ứng, đồng thời giới thiệu từng loại trạm bơm sử dụng trong hệ thống câps, thoát nước....
Gespeichert in:
| 1. Verfasser: | |
|---|---|
| Format: | Buch |
| Veröffentlicht: |
H.
Xây dựng
2019
|
| Ausgabe: | Tái bản |
| Schlagworte: | |
| Tags: |
Tag hinzufügen
Keine Tags, Fügen Sie den ersten Tag hinzu!
|
| Thư viện lưu trữ: | Thư viện Trường Đại học Nam Cần Thơ |
|---|
| LEADER | 01293nam a22002178a 4500 | ||
|---|---|---|---|
| 001 | NCT_147780 | ||
| 008 | 040524s1999 b 000 0 od | ||
| 999 | |c 7614 |d 7614 | ||
| 020 | |c 85000 |a 9786048230494 | ||
| 082 | 0 | 4 | |2 23rd ed. |a 628.14 |b D513 |
| 100 | 1 | |a Lê Dung | |
| 245 | 1 | 0 | |a Công trình thu nước trạm bơm cấp thoát nước |c Lê Dung |
| 250 | |a Tái bản | ||
| 260 | |a H. |b Xây dựng |c 2019 | ||
| 300 | |a 215 tr. |c 27cm |b Minh họa | ||
| 520 | 3 | |a Sách gồm 2 phần: Công trình thu nước và trạm bơm, trình bày những kiến thức cơ bản về các loại nguồn nước và các loại công trình thu nước tương ứng, đồng thời giới thiệu từng loại trạm bơm sử dụng trong hệ thống câps, thoát nước. | |
| 653 | |a Quản lý Tài nguyên Môi trường | ||
| 942 | |2 ddc |c BK | ||
| 952 | |0 0 |1 0 |2 ddc |4 0 |6 628_140000000000000_D513 |7 0 |9 27349 |a 000001 |b 000001 |d 2023-04-06 |o 628.14 D513 |p MD.21645 |r 2023-04-06 |v 85000.00 |w 2023-04-06 |y BK | ||
| 952 | |0 0 |1 0 |2 ddc |4 0 |6 628_140000000000000_D513 |7 0 |9 27350 |a 000001 |b 000001 |d 2023-04-06 |o 628.14 D513 |p MD.21646 |r 2023-04-06 |v 85000.00 |w 2023-04-06 |y BK | ||
| 980 | |a Thư viện Trường Đại học Nam Cần Thơ | ||


